Normal view
MARC view
- Sartre, Jean-Paul,
Entry Personal Name
001 - CONTROL NUMBER
- control field: 111602
003 - CONTROL NUMBER IDENTIFIER
- control field: NUST
005 - DATE AND TIME OF LATEST TRANSACTION
- control field: 20230330121517.0
008 - FIXED-LENGTH DATA ELEMENTS
- fixed length control field: 230330|| aca||aabn | a|a d
040 ## - CATALOGING SOURCE
- Original cataloging agency: NUST
- Transcribing agency: NUST
100 ## - HEADING--PERSONAL NAME
- Personal name: Sartre, Jean-Paul,
- Dates associated with a name: 1905-1980
670 ## - SOURCE DATA FOUND
- Source citation: Work cat.: (NUST)186126: Sartre,Jean-Paul 34124, Sartre : , c1978.
